Pays insulaires - Quiz - Statistiques

Statistiques générales
  • Ce quiz a été pris 142 fois
  • Le résultat moyen est 41 sur 47
Statistiques - réponses
Continent Réponse % Correct
Europe Malte
97%
Asie Chypre
94%
Amérique du Nord Cuba
94%
Afrique Madagascar
94%
Europe Irlande
93%
Europe Islande
93%
Europe Royaume-Uni
93%
Afrique Cap-Vert
91%
Océanie Nouvelle-Zélande
91%
Asie Japon
90%
Afrique Maurice
90%
Asie Philippines
90%
Amérique du Nord Sainte-Lucie
90%
Océanie Vanuatu
90%
Amérique du Nord Barbade
89%
Afrique Comores
89%
Amérique du Nord Jamaique
89%
Amérique du Nord Saint-Vincent-et-les- Grenadines
89%
Afrique Seychelles
89%
Amérique du Nord Dominique
88%
Océanie Fidji
88%
Amérique du Nord Haïti
88%
Asie Maldives
88%
Amérique du Nord République Dominicaine
88%
Asie Taïwan
88%
Amérique du Nord Antigua-et-Barbuda
87%
Asie Indonésie
87%
Asie Sri Lanka
87%
Amérique du Nord Saint-Christophe- et-Niévès
86%
Afrique Sao Tomé-et-Principe
86%
Océanie Tonga
86%
Océanie Papouasie-Nouvelle- Guinée
85%
Océanie Samoa
85%
Océanie Tuvalu
85%
Océanie Îles Marshall
84%
Océanie Nauru
84%
Amérique du Nord Grenade
83%
Amérique du Nord Bahamas
82%
Océanie États Fédérés de Micronésie
82%
Amérique du Nord Trinité-et-Tobago
82%
Asie Singapour
81%
Océanie Îles Salomon
79%
Océanie Palaos
79%
Asie Timor oriental
79%
Océanie Kiribati
78%
Asie Brunei
73%
Asie Bahreïn
65%
Aucun quiz correspondant
Distribution des résultats
% des personnes avec chaque résultat
Percentile par nombre de réponses
Votre historique - résultats
Vous n’avez pas pris ce quiz